| 000 | 01050nam a22003137a 4500 | ||
|---|---|---|---|
| 003 | CHAP | ||
| 005 | 20220329141807.0 | ||
| 008 | 971013s1981 r 00010 d | ||
| 010 | _a73935 | ||
| 011 | _a74907 | ||
| 035 | _a84466 | ||
| 040 | _cCHAP | ||
| 090 | _aTesis | ||
| 100 | 0 | 0 |
_aGarza de la Peña, Federico E. de la. _947032 |
| 245 | _aContribución al estudio técnico-económico de la cuenca lechera de La Laguna | ||
| 260 |
_a(Monterrey, N,L.) : _bEl autor, _c1981 |
||
| 300 | _a103 h. | ||
| 502 | _aTesis (Ing. Agrónomo Zootecnista) -- ITESM. Div. de Ciencias Agropecuarias y Marítimas | ||
| 590 |
_aALEPH _b10 _c20130110 _lUCH01 _h1417 |
||
| 590 |
_aBATCH-UPD _b10 _c20130110 _lUCH01 _h0657 |
||
| 590 |
_aBATCH-UPD _b10 _c20130410 _lUCH01 _h0342 |
||
| 590 |
_aBATCH-UPD _b10 _c20130914 _lUCH01 _h1012 |
||
| 590 |
_aCONVERSION _b10 _c20130109 _lUCH01 _h1340 |
||
| 650 | 1 | 4 |
_aComarca Lagunera _xGanado lechero. _925532 |
| 650 | 1 | 4 |
_aLeche _xProducción. _965400 |
| 901 | _aBK | ||
| 942 | _cTESIS | ||
| 949 |
_bBC _cTES _d-39818 _eTS1 _i84466 _si |
||
| 999 |
_c73935 _d73935 |
||